Cuando las mujeres mandan /

Sábháilte in:
Sonraí bibleagrafaíochta
Príomhchruthaitheoir: Cordero Ulate, Allen
Rannpháirtithe: coord
Formáid: Anaithnid
Foilsithe / Cruthaithe: San José: FLACSO. Programa Costa Rica
Ábhair:
Clibeanna: Cuir clib leis
Níl clibeanna ann, Bí ar an gcéad duine le clib a chur leis an taifead seo!

MARC

LEADER 00000 a2200000 04500
001 11825
003
008 991231s d
040
090 |a 140901  
100 |a Cordero Ulate, Allen  
245 |a Cuando las mujeres mandan /  |c Allen Cordero Ulate  
260 |a San José:   |b FLACSO. Programa Costa Rica  
300 |a 270 p.  
650 |a MUJERES  
650 |a COMPOSICION FAMILIAR  
700 |a coord  
999 |c 13709  |d 13709